| 000 | 00413 a2200133 4500 | ||
|---|---|---|---|
| 001 | 91398 | ||
| 082 | _aPR 1294 | ||
| 090 |
_c43528 _d43527 |
||
| 100 | _aAatif Aziz; Prof Zahid Baig and Abdul Munem Khan (Advisors) | ||
| 245 |
_aTo Write Fortran Code for Laminate Analysis and to Make its Windows Interface _n49 "A" EC |
||
| 260 |
_aKarachi _bNED University _c1998 |
||
| 300 | _a90p | ||
| 500 | _aBE Project Reports | ||
| 942 |
_aCAE NUST _kPR 1294 |
||
| 999 |
_c326471 _d326471 |
||